[Event "BCF-chT3Sb 1920 (4NCL)"]
[Site "England"]
[Date "2019.11.09"]
[Round "1.72"]
[White "Webb, Richard M"]
[Black "Spencer, Carl J"]
[Result "1-0"]
[WhiteElo "2215"]
[BlackElo "2122"]
[PlyCount "75"]
[EventDate "2019.11.09"]
[EventType "team-tourn"]
[EventRounds "11"]
[EventCountry "ENG"]
[SourceTitle "EXT 2023"]
[Source "ChessBase"]
[SourceDate "2022.10.05"]
[SourceVersion "1"]
[SourceVersionDate "2022.10.05"]
[SourceQuality "1"]
[WhiteTeam "Crowthorne"]
[BlackTeam "Cambridge University II"]
[WhiteTeamCountry "ENG"]
[BlackTeamCountry "ENG"]

1. Nf3 e6 2. g3 b6 3. Bg2 Bb7 4. 0-0 c5 5. c4 Nf6 6. Nc3 Be7 7. d4 cxd4 8. Qxd4 Nc6 9. Qf4 d6 10. b3 h6 11. Rd1 0-0 12. Bb2 a6 13. Ne4 Nxe4 14. Qxe4 Qc7 15. Qg4 e5 16. Nh4 Bc8 17. Nf5 Bg5 18. Qe4 Bxf5 19. Qxf5 Rad8 20. h4 Bf6 21. Be4 Rfe8 22. Rd3 Re6 23. Qh7+ Kf8 24. Rad1 Nb4 25. R3d2 a5 26. Bd5 Nxd5 27. Rxd5 Ke7 28. Ba3 g5 29. h5 e4 30. Qf5 e3 31. f3 Ke8 32. Kg2 Be5 33. R1d3 Qe7 34. Bc1 Rf6 35. Qg4 Qe6 36. Qxe6+ fxe6 37. Rb5 Kd7 38. Rxe5 1-0

[Event "BCF-chT2b 1819 (4NCL)"]
[Site "England"]
[Date "2018.11.10"]
[Round "1.64"]
[White "Spencer, Carl J"]
[Black "Chavannes, Ivar"]
[Result "1-0"]
[WhiteElo "2145"]
[BlackElo "2110"]
[PlyCount "113"]
[EventDate "2018.11.10"]
[EventType "team-tourn"]
[EventRounds "11"]
[EventCountry "ENG"]
[SourceTitle "EXT 2021"]
[Source "ChessBase"]
[SourceDate "2020.10.23"]
[SourceVersion "1"]
[SourceVersionDate "2020.10.23"]
[SourceQuality "1"]
[WhiteTeam "Cambridge University"]
[BlackTeam "Guildford III"]
[WhiteTeamCountry "ENG"]
[BlackTeamCountry "ENG"]

1. e4 c5 2. Nf3 d6 3. Bb5+ Nd7 4. a4 Ngf6 5. Nc3 g6 6. 0-0 a6 7. Be2 Bg7 8. a5 0-0 9. h3 Qc7 10. d3 Nb8 11. Nd2 Nc6 12. Nc4 Be6 13. Nb6 Rab8 14. Bd2 Qd8 15. Ncd5 Bxd5 16. exd5 Nd4 17. c3 Nxe2+ 18. Qxe2 Nd7 19. Nc4 b5 20. axb6 Nxb6 21. Na5 Qd7 22. c4 Bxb2 23. Ra2 Bf6 24. Nc6 Ra8 25. Rb1 Nc8 26. Qg4 Qxg4 27. hxg4 e6 28. g5 Bg7 29. Rb7 exd5 30. cxd5 Re8 31. Bf4 Bf8 32. Kf1 c4 33. dxc4 Re4 34. g3 Rxc4 35. Be3 Bg7 36. Rd7 Be5 37. f4 Re4 38. Kf2 Bc3 39. Rd8+ Kg7 40. Rc2 Ba1 41. Ra2 Bc3 42. Kf3 Rc4 43. Ke2 Bb4 44. Bd4+ Rxd4 45. Nxd4 h6 46. Nc6 Bc5 47. gxh6+ Kxh6 48. Kd3 Nb6 49. Rxa8 Nxa8 50. Nd4 Nc7 51. Kc4 f5 52. Ne6 Nxe6 53. dxe6 Kg7 54. Kd5 Kf6 55. Rxa6 Bf2 56. Kxd6 Bxg3 57. Kd7 1-0

[Event "BCF-chT3S 1718 (4NCL) Promotion pool"]
[Site "England"]
[Date "2018.03.25"]
[Round "8.43"]
[White "Spencer, Carl J"]
[Black "Farrand, Tom"]
[Result "1-0"]
[WhiteElo "2135"]
[BlackElo "2145"]
[PlyCount "133"]
[EventDate "2017.11.11"]
[EventType "team-tourn"]
[EventRounds "11"]
[EventCountry "ENG"]
[SourceTitle "EXT 2020"]
[Source "ChessBase"]
[SourceDate "2019.10.17"]
[SourceVersion "1"]
[SourceVersionDate "2019.10.17"]
[SourceQuality "1"]
[WhiteTeam "Cambridge University II"]
[BlackTeam "CSC Dragons"]
[WhiteTeamCountry "ENG"]
[BlackTeamCountry "ENG"]

1. d4 e6 2. e4 b6 3. Bf4 Bb7 4. Nd2 d6 5. Ngf3 Be7 6. Bd3 Nd7 7. Qe2 g5 8. Bg3 g4 9. Ng1 Bf6 10. c3 h5 11. h3 h4 12. Bf4 e5 13. dxe5 dxe5 14. Be3 gxh3 15. Rxh3 Ne7 16. 0-0-0 Ng6 17. Ndf3 Qe7 18. Ba6 0-0-0 19. Qc4 Nb8 20. Rxd8+ Rxd8 21. Bxb7+ Kxb7 22. Ne2 Nc6 23. b4 Rd7 24. Rh1 Nd8 25. Kc2 Qd6 26. a4 Qe6 27. Qxe6 Nxe6 28. Nc1 Rd8 29. Nd3 Rg8 30. Rh2 Be7 31. Nfe1 Bg5 32. Kd2 Bxe3+ 33. Kxe3 c6 34. Rh3 Rd8 35. Rf3 Rd7 36. Rf5 Ng7 37. Rg5 Ne6 38. Rh5 Nef4 39. Nxf4 exf4+ 40. Ke2 Re7 41. f3 Ne5 42. Nd3 Nxd3 43. Kxd3 Rd7+ 44. Ke2 a5 45. bxa5 c5 46. axb6 Kxb6 47. Rxh4 Ka5 48. Rh5 Kxa4 49. Rxc5 Kb3 50. Rf5 Kxc3 51. Rxf4 Rd2+ 52. Kf1 Kd3 53. Rxf7 Ke3 54. Kg1 Rd1+ 55. Kh2 Rd8 56. Kg3 Rg8+ 57. Kh4 Rxg2 58. e5 Rh2+ 59. Kg3 Rh6 60. f4 Rg6+ 61. Kh4 Ke4 62. f5 Rg1 63. e6 Kf4 64. Kh5 Rh1+ 65. Kg6 Rg1+ 66. Kf6 Rg5 67. e7 1-0

[Event "BCF-chT1b 1718 (4NCL)"]
[Site "England"]
[Date "2018.03.17"]
[Round "7.56"]
[White "Spencer, Carl J"]
[Black "Eggleston, David"]
[Result "1/2-1/2"]
[WhiteElo "2138"]
[BlackElo "2397"]
[PlyCount "173"]
[EventDate "2017.11.11"]
[EventType "team-swiss"]
[EventRounds "11"]
[EventCountry "ENG"]
[SourceTitle "EXT 2019"]
[Source "ChessBase"]
[SourceDate "2018.10.10"]
[SourceVersion "1"]
[SourceVersionDate "2018.10.10"]
[SourceQuality "1"]
[WhiteTeam "Cambridge University"]
[BlackTeam "Cheddleton"]
[WhiteTeamCountry "ENG"]
[BlackTeamCountry "ENG"]

1. e4 c5 2. Nf3 d6 3. Bb5+ Nd7 4. 0-0 Ngf6 5. Re1 a6 6. Bf1 g6 7. c3 Bg7 8. d4 cxd4 9. cxd4 0-0 10. Nc3 b5 11. a3 Bb7 12. h3 Nb6 13. Bd3 Rc8 14. Qe2 Nfd7 15. Bg5 Qe8 16. a4 b4 17. Nb1 a5 18. Nbd2 e5 19. Be3 exd4 20. Bxd4 Nc5 21. Bxg7 Kxg7 22. Bb5 Qe7 23. e5 dxe5 24. Qxe5+ Qf6 25. Qxf6+ Kxf6 26. Ne5 Bd5 27. Re3 Ne6 28. Ndf3 Rc2 29. b3 Rfc8 30. Rd1 Rc1 31. Rxc1 Rxc1+ 32. Kh2 Rc3 33. Ng4+ Kg7 34. Nd2 Nc5 35. Re7 Nxb3 36. Nxb3 Bxb3 37. Ra7 Bxa4 38. Bxa4 Nxa4 39. Rxa5 Nc5 40. Ne3 b3 41. Rb5 Ne4 42. Nd1 Rc1 43. Ne3 Rb1 44. f3 Nd2 45. Kg3 Ra1 46. h4 h5 47. Kf4 Re1 48. g4 hxg4 49. fxg4 Re2 50. h5 Rf2+ 51. Ke5 Nf3+ 52. Ke4 b2 53. Kd3 Ne5+ 54. Ke4 Re2 55. Kxe5 Rxe3+ 56. Kf4 Re2 57. hxg6 Kxg6 58. Kf3 Rc2 59. Rb6+ Kg7 60. g5 Kf8 61. Ke3 Ke7 62. Kd3 Rh2 63. Kc3 Kd7 64. Rb8 Kc6 65. Kd4 Rg2 66. Kc4 Kc7 67. Rb5 Kc6 68. Rb8 Kd6 69. Kd4 Ke6 70. Ke4 Rh2 71. Rb6+ Ke7 72. Kf4 Rc2 73. Ke4 Kd7 74. Kd4 Kc7 75. Rb5 Kc6 76. Rb8 Rg2 77. Kc4 Rg4+ 78. Kd3 Kd5 79. Rb5+ Ke6 80. Rxb2 Rxg5 81. Ke4 Rg4+ 82. Kf3 Ra4 83. Rb6+ Kf5 84. Rb5+ Kg6 85. Rb8 f5 86. Rg8+ Kf7 87. Rb8 1/2-1/2

[Event "BCF-chT3S 1617 (4NCL) Demotion pool"]
[Site "England"]
[Date "2017.04.30"]
[Round "10.62"]
[White "Heaven, Peter"]
[Black "Spencer, Carl J"]
[Result "0-1"]
[WhiteElo "2022"]
[BlackElo "2136"]
[PlyCount "67"]
[EventDate "2016.11.26"]
[EventType "team-tourn"]
[EventRounds "11"]
[EventCountry "ENG"]
[SourceTitle "EXT 2019"]
[Source "ChessBase"]
[SourceDate "2018.10.10"]
[SourceVersion "1"]
[SourceVersionDate "2018.10.10"]
[SourceQuality "1"]
[WhiteTeam "Rhyfelwyr Essyllwg"]
[BlackTeam "Cambridge University II"]
[WhiteTeamCountry "WLS"]
[BlackTeamCountry "ENG"]

1. e4 e6 2. d4 d5 3. Nc3 Nf6 4. Bg5 Bb4 5. e5 h6 6. Be3 Ne4 7. Qg4 Kf8 8. a3 Bxc3+ 9. bxc3 c5 10. Bd3 Nxc3 11. dxc5 Nc6 12. Nf3 f5 13. Qh5 Kg8 14. g4 f4 15. Bxf4 Qf8 16. Nh4 Qxf4 17. Qe8+ Qf8 18. Qxf8+ Kxf8 19. Ng6+ Kg8 20. Nxh8 Kxh8 21. f4 Bd7 22. 0-0 Na4 23. Rae1 Re8 24. Re3 Nxc5 25. Bg6 Re7 26. c3 Be8 27. Bc2 g6 28. Kg2 d4 29. Rh3 Kg7 30. f5 Nd7 31. f6+ Kh7 32. cxd4 Nxd4 33. Rd1 Nxc2 34. Rxd7 0-1

[Event "BCF-chT2 1617 (4NCL) Promotion pool"]
[Site "England"]
[Date "2017.03.05"]
[Round "8.24"]
[White "Spencer, Carl J"]
[Black "Willson, Ollie"]
[Result "1-0"]
[WhiteElo "2120"]
[BlackElo "2038"]
[PlyCount "121"]
[EventDate "2016.11.19"]
[EventType "team-tourn"]
[EventRounds "11"]
[EventCountry "ENG"]
[SourceTitle "EXT 2019"]
[Source "ChessBase"]
[SourceDate "2018.10.10"]
[SourceVersion "1"]
[SourceVersionDate "2018.10.10"]
[SourceQuality "1"]
[WhiteTeam "Cambridge University"]
[BlackTeam "Sussex Martlets"]
[WhiteTeamCountry "ENG"]
[BlackTeamCountry "ENG"]

1. e4 c5 2. Nf3 e6 3. d4 cxd4 4. Nxd4 Nc6 5. Nc3 Qc7 6. Be3 Nf6 7. Ndb5 Qb8 8. f4 a6 9. e5 axb5 10. exf6 gxf6 11. Nxb5 b6 12. Be2 d5 13. 0-0 f5 14. c3 Bc5 15. Qd2 Bd7 16. b4 Bxe3+ 17. Qxe3 Ne7 18. h4 Rg8 19. h5 Nc8 20. Nd4 Nd6 21. Bd3 Kf8 22. Rf2 Ne8 23. Re1 Qd6 24. Nf3 Nf6 25. Ne5 Ng4 26. Nxg4 Rxg4 27. Be2 Rg8 28. Bf3 Rc8 29. Rd1 Qc7 30. Rc1 Qd6 31. Rd2 Bb5 32. Rd4 Bc4 33. a4 Bb3 34. Bd1 Bxd1 35. Rcxd1 Qc6 36. c4 dxc4 37. Rd8+ Ke7 38. R1d7+ Qxd7 39. Rxd7+ Kxd7 40. Qc3 Ke7 41. a5 b5 42. a6 Rc7 43. Qe5 Rgc8 44. g4 f6 45. Qc3 fxg4 46. Qc2 Kd6 47. Qd2+ Ke7 48. Qc2 e5 49. fxe5 fxe5 50. a7 Kd6 51. Qd2+ Ke6 52. Qh6+ Kf5 53. Qb6 c3 54. a8Q c2 55. Qf2+ Kg5 56. Qe3+ Kf6 57. Qa6+ Kf7 58. Qf2+ Ke8 59. Qe6+ Kd8 60. Qff6+ Re7 61. Qexe7# 1-0

[Event "BCF-chT2b 1617 (4NCL)"]
[Site "England"]
[Date "2017.02.12"]
[Round "6.64"]
[White "Granat, Russell"]
[Black "Spencer, Carl J"]
[Result "0-1"]
[WhiteElo "2212"]
[BlackElo "2126"]
[PlyCount "98"]
[EventDate "2016.11.19"]
[EventType "team-tourn"]
[EventRounds "11"]
[EventCountry "ENG"]
[SourceTitle "EXT 2019"]
[Source "ChessBase"]
[SourceDate "2018.10.10"]
[SourceVersion "1"]
[SourceVersionDate "2018.10.10"]
[SourceQuality "1"]
[WhiteTeam "Guildford III"]
[BlackTeam "Cambridge University"]
[WhiteTeamCountry "ENG"]
[BlackTeamCountry "ENG"]

1. e4 e5 2. Nf3 Nc6 3. Bb5 a6 4. Ba4 Nf6 5. 0-0 Be7 6. Qe2 b5 7. Bb3 0-0 8. c3 d5 9. d3 Bb7 10. Rd1 h6 11. Nbd2 Re8 12. Nf1 Bf8 13. Ne3 Na5 14. Bc2 c5 15. h3 Qc7 16. Nf5 Rad8 17. b4 dxe4 18. dxe4 Rxd1+ 19. Qxd1 Rd8 20. Qe2 cxb4 21. cxb4 Bxb4 22. Bxh6 gxh6 23. Nxh6+ Kf8 24. Nf5 Nc4 25. Bd3 Nd6 26. N3h4 Qc3 27. Rd1 Bc8 28. Nxd6 Rxd6 29. Qe3 Ke7 30. Rc1 Qxd3 31. Qa7+ Bd7 32. Nf5+ Kf8 33. Qb8+ Ne8 34. Nxd6 Qxd6 35. Qd8 f6 36. g4 Bc5 37. Rxc5 Qxc5 38. Qxd7 Qc1+ 39. Kg2 Qc7 40. Qf5 Qe7 41. h4 Nd6 42. Qf3 Kg7 43. Qd3 Qe6 44. Kh3 Nf7 45. f3 Qxa2 46. Qd7 Qc2 47. Qf5 Qc3 48. g5 fxg5 49. h5 g4+ 0-1

[Event "BCF-chT2d 1516 (4NCL) Demotion pool"]
[Site "England"]
[Date "2016.05.02"]
[Round "11.6"]
[White "Spencer, Carl J"]
[Black "Headlong, Timothy"]
[Result "1-0"]
[WhiteElo "2106"]
[BlackElo "2143"]
[PlyCount "79"]
[EventDate "2015.11.14"]
[EventType "team-tourn"]
[EventRounds "4"]
[EventCountry "ENG"]
[SourceTitle "EXT 2023"]
[Source "ChessBase"]
[SourceDate "2022.10.05"]
[SourceVersion "1"]
[SourceVersionDate "2022.10.05"]
[SourceQuality "1"]
[WhiteTeam "Cambridge II"]
[BlackTeam "Brown Jack Witney"]
[WhiteTeamCountry "ENG"]
[BlackTeamCountry "ENG"]

1. d4 d5 2. c4 e6 3. Nf3 c5 4. cxd5 exd5 5. Nc3 Nc6 6. g3 Nf6 7. Bg2 Be7 8. 0-0 0-0 9. dxc5 Bxc5 10. a3 Be6 11. b4 Bb6 12. Na4 Bc7 13. Bb2 Qe7 14. Nc5 a5 15. Nxe6 fxe6 16. b5 Na7 17. a4 Nc8 18. Qb3 Nb6 19. Nd2 Kh8 20. e4 Rfd8 21. Rfe1 Qb4 22. Qxb4 axb4 23. exd5 exd5 24. a5 Nbd7 25. b6 Bd6 26. Nb3 Rdc8 27. Re6 Bf8 28. Bd4 Kg8 29. g4 h6 30. h4 Kf7 31. Rae1 g5 32. hxg5 hxg5 33. f4 gxf4 34. g5 Ne4 35. R6xe4 dxe4 36. Bxe4 Nc5 37. g6+ Ke6 38. Bxb7+ Kf5 39. Bxc5 Rxc5 40. Bxa8 1-0

[Event "BCF-chT2b 1516 (4NCL)"]
[Site "England"]
[Date "2016.02.13"]
[Round "5.8"]
[White "Moore, Graham J"]
[Black "Spencer, Carl J"]
[Result "1-0"]
[WhiteElo "2207"]
[BlackElo "2132"]
[PlyCount "57"]
[EventDate "2015.11.14"]
[EventType "team-tourn"]
[EventRounds "7"]
[EventCountry "ENG"]
[SourceTitle "CBM 170 Extra"]
[Source "ChessBase"]
[SourceDate "2016.02.25"]
[SourceVersion "1"]
[SourceVersionDate "2016.02.25"]
[SourceQuality "1"]
[WhiteTeam "Anglian Avengers"]
[BlackTeam "Cambridge II"]
[WhiteTeamCountry "ENG"]
[BlackTeamCountry "ENG"]

1. e4 e5 2. Nc3 Nf6 3. f4 d5 4. fxe5 Nxe4 5. Qf3 Nxc3 6. dxc3 Qh4+ 7. g3 Qe4+ 8. Qxe4 dxe4 9. Bf4 Be7 10. Bg2 Bf5 11. Ne2 c5 12. 0-0 Nc6 13. Rae1 Rc8 14. Bh6 g6 15. Nf4 e3 16. Rxe3 Bxc2 17. Nd5 Bf5 18. Bg7 Rg8 19. Bf6 Bf8 20. Rd1 Bd7 21. Bg5 Bg7 22. Nf6+ Bxf6 23. exf6+ Be6 24. Bxc6+ Rxc6 25. Bf4 g5 26. Red3 Rc8 27. Bc7 Rg6 28. Rd8+ Rxd8 29. Rxd8# 1-0

[Event "BCF-chT1b 1415 (4NCL)"]
[Site "England"]
[Date "2015.02.14"]
[Round "5.158"]
[White "Hebden, Mark"]
[Black "Spencer, Carl J"]
[Result "1-0"]
[WhiteElo "2498"]
[BlackElo "2194"]
[PlyCount "79"]
[EventDate "2014.11.15"]
[EventType "team-swiss"]
[EventRounds "11"]
[EventCountry "ENG"]
[SourceTitle "EXT 2016"]
[Source "ChessBase"]
[SourceDate "2015.10.08"]
[SourceVersion "1"]
[SourceVersionDate "2015.10.08"]
[SourceQuality "1"]
[WhiteTeam "Guildford"]
[BlackTeam "Cambridge"]
[WhiteTeamCountry "ENG"]
[BlackTeamCountry "ENG"]

1. d4 Nf6 2. Nf3 e6 3. e3 b6 4. Bd3 Bb7 5. 0-0 Be7 6. b3 c5 7. Bb2 0-0 8. c4 d6 9. Nc3 Nbd7 10. d5 exd5 11. cxd5 a6 12. a4 Re8 13. e4 Ng4 14. Nd2 Nge5 15. Be2 Bf6 16. Kh1 Nf8 17. f4 Neg6 18. Bd3 Bd4 19. Nc4 Rb8 20. Qh5 f6 21. Rae1 Bc8 22. Ne3 b5 23. axb5 axb5 24. Nc2 Bxc3 25. Bxc3 Qc7 26. e5 dxe5 27. f5 Qf7 28. fxg6 hxg6 29. Qf3 Rd8 30. Bxe5 Rb7 31. Bb2 c4 32. Be4 f5 33. Qg3 Ra7 34. bxc4 bxc4 35. Bd4 Ra4 36. Bf3 Bb7 37. d6 f4 38. Bxb7 Qxb7 39. Qxf4 Qd5 40. Re7 1-0

[Event "BCF-chT2a 1415 (4NCL)"]
[Site "England"]
[Date "2015.01.11"]
[Round "4.99"]
[White "Spencer, Carl J"]
[Black "Brown, Thomas"]
[Result "1/2-1/2"]
[WhiteElo "2194"]
[BlackElo "2048"]
[PlyCount "76"]
[EventDate "2014.11.15"]
[EventType "team-tourn"]
[EventRounds "7"]
[EventCountry "ENG"]
[SourceTitle "EXT 2016"]
[Source "ChessBase"]
[SourceDate "2015.10.08"]
[SourceVersion "1"]
[SourceVersionDate "2015.10.08"]
[SourceQuality "1"]
[WhiteTeam "Cambridge II"]
[BlackTeam "Rhyfelwyr Essyllwg"]
[WhiteTeamCountry "ENG"]
[BlackTeamCountry "ENG"]

1. d4 Nf6 2. c4 c5 3. d5 e6 4. Nc3 exd5 5. cxd5 d6 6. e4 g6 7. Nf3 Bg7 8. h3 0-0 9. Bd3 Nh5 10. 0-0 a6 11. a4 Nd7 12. Bg5 Bf6 13. Be3 b6 14. Nd2 Rb8 15. Be2 Ng7 16. Qc2 Qc7 17. Bf4 Be5 18. Bh6 f5 19. exf5 Rxf5 20. Bg4 Rf8 21. Nf3 Bf4 22. Bxf4 Rxf4 23. Qd2 Rf8 24. Rfe1 Nf6 25. Bxc8 Rbxc8 26. Ng5 Rce8 27. Ne6 Nxe6 28. dxe6 Qe7 29. Rad1 d5 30. Nxd5 Nxd5 31. Qxd5 Qh4 32. a5 Rxf2 33. e7+ Kg7 34. Qe5+ Qf6 35. Qxf6+ Rxf6 36. axb6 Rxb6 37. Rd8 Kf7 38. Rxe8 Kxe8 1/2-1/2

[Event "BCF-chT1b 1415 (4NCL)"]
[Site "England"]
[Date "2014.11.15"]
[Round "1.167"]
[White "Byron, Alan M"]
[Black "Spencer, Carl J"]
[Result "0-1"]
[WhiteElo "2192"]
[BlackElo "2183"]
[PlyCount "82"]
[EventDate "2014.11.15"]
[EventType "team-swiss"]
[EventRounds "11"]
[EventCountry "ENG"]
[SourceTitle "EXT 2015"]
[Source "ChessBase"]
[SourceDate "2014.11.20"]
[SourceVersion "1"]
[SourceVersionDate "2014.11.20"]
[SourceQuality "1"]
[WhiteTeam "e2e4.org.uk"]
[BlackTeam "Cambridge"]
[WhiteTeamCountry "ENG"]
[BlackTeamCountry "ENG"]

1. c4 Nf6 2. g3 e5 3. Bg2 Nc6 4. Nc3 g6 5. d3 Bg7 6. Rb1 0-0 7. b4 a6 8. e3 d6 9. Nge2 Be6 10. Nd5 Qd7 11. h3 Kh8 12. Qc2 Rab8 13. Bd2 Nd8 14. a4 c6 15. Nxf6 Bxf6 16. b5 axb5 17. axb5 d5 18. cxd5 cxd5 19. Qb2 Bg7 20. Bc3 f6 21. h4 h5 22. 0-0 Nf7 23. f4 Bh3 24. Rf2 Bxg2 25. Kxg2 Rbe8 26. b6 d4 27. exd4 Qd5+ 28. Kg1 e4 29. dxe4 Rxe4 30. Bb4 Rfe8 31. Rbf1 Qc4 32. Nc1 f5 33. Bc5 Bxd4 34. Bxd4+ Qxd4 35. Qxd4+ Rxd4 36. Rc2 Re7 37. Rf3 Rb4 38. Rb3 Re1+ 39. Kf2 Rxc1 40. Rxc1 Rxb3 41. Rc7 Nd6 0-1

[Event "BCF-chT2c 1314 (4NCL)"]
[Site "England"]
[Date "2014.05.04"]
[Round "10.23"]
[White "Spencer, Carl J"]
[Black "Snape, Ian L"]
[Result "1/2-1/2"]
[WhiteElo "2190"]
[BlackElo "2206"]
[PlyCount "160"]
[EventDate "2013.11.16"]
[EventType "team-tourn"]
[EventRounds "11"]
[EventCountry "ENG"]
[SourceTitle "EXT 2015"]
[Source "ChessBase"]
[SourceDate "2014.11.20"]
[SourceVersion "1"]
[SourceVersionDate "2014.11.20"]
[SourceQuality "1"]
[WhiteTeam "Cambridge II"]
[BlackTeam "The ADS"]
[WhiteTeamCountry "ENG"]
[BlackTeamCountry "ENG"]

1. e4 c5 2. Nf3 d6 3. Bb5+ Nc6 4. 0-0 Bd7 5. Re1 Nf6 6. c3 a6 7. Bf1 Bg4 8. h3 Bxf3 9. Qxf3 g6 10. d3 Bg7 11. Na3 0-0 12. Nc2 Qa5 13. a4 Rac8 14. g4 Qc7 15. Qg3 b5 16. axb5 axb5 17. Bd2 Ra8 18. Bg2 Ra5 19. Rxa5 Nxa5 20. f4 Rb8 21. Qf2 Nb3 22. Be3 b4 23. cxb4 cxb4 24. d4 Qc4 25. g5 Nd7 26. Bf1 Qc6 27. d5 Qc7 28. Nd4 Nxd4 29. Bxd4 Bxd4 30. Qxd4 Qc5 31. Rd1 b3 32. Kf2 Rb4 33. Qxc5 Nxc5 34. Bd3 Nxe4+ 35. Bxe4 Rxe4 36. Kf3 Rb4 37. Rd3 Kg7 38. Ke3 h6 39. h4 hxg5 40. hxg5 f6 41. Rd4 Rb8 42. Kd3 Kf7 43. Re4 Rb5 44. Kc4 Rc5+ 45. Kxb3 Rxd5 46. gxf6 Kxf6 47. Kc3 g5 48. fxg5+ Rxg5 49. b4 Kf7 50. Rh4 Ke6 51. Kc4 Kd7 52. Rh7 Re5 53. Rh8 Kc6 54. Rc8+ Kb7 55. Re8 e6 56. Rd8 Kc7 57. Re8 Kd7 58. Rh8 Rf5 59. Rg8 Rh5 60. Rf8 Ke7 61. Rg8 Kd7 62. Rf8 Rh1 63. Kb5 e5 64. Rg8 e4 65. Kc4 Rd1 66. b5 Kc7 67. Re8 Kd7 68. Rg8 e3 69. Rg2 d5+ 70. Kc3 d4+ 71. Kc2 Rf1 72. Kd3 Rd1+ 73. Kc2 Ra1 74. Kd3 Ra4 75. Rc2 Kd6 76. Ke4 Rb4 77. b6 Rxb6 78. Kxd4 Rb3 79. Re2 Ke6 80. Rxe3+ Rxe3 1/2-1/2

[Event "BCF-chT1b 1314 (4NCL)"]
[Site "England"]
[Date "2014.02.16"]
[Round "6.167"]
[White "Townsend, M Paul"]
[Black "Spencer, Carl J"]
[Result "1-0"]
[WhiteElo "2230"]
[BlackElo "2200"]
[PlyCount "67"]
[EventDate "2013.11.16"]
[EventType "team-tourn"]
[EventRounds "7"]
[EventCountry "ENG"]
[SourceTitle "EXT 2015"]
[Source "ChessBase"]
[SourceDate "2014.11.20"]
[SourceVersion "1"]
[SourceVersionDate "2014.11.20"]
[SourceQuality "1"]
[WhiteTeam "White Rose"]
[BlackTeam "Cambridge"]
[WhiteTeamCountry "ENG"]
[BlackTeamCountry "ENG"]

1. d4 e6 2. c4 Nf6 3. g3 c5 4. Nf3 cxd4 5. Nxd4 d5 6. Bg2 e5 7. Nf3 d4 8. 0-0 Nc6 9. e3 Be7 10. exd4 exd4 11. Bf4 0-0 12. Ne5 Qb6 13. Qb3 Qc5 14. Re1 Re8 15. Na3 Nh5 16. Nxc6 bxc6 17. Re5 Nxf4 18. Rxc5 Ne2+ 19. Kf1 Bxc5 20. Qf3 Bd7 21. Nc2 Re5 22. Ne1 Rae8 23. Nd3 Rf5 24. Qxe2 Rxe2 25. Kxe2 Rh5 26. Bf3 Rf5 27. Bg4 Be7 28. Bxf5 Bxf5 29. b4 Kf8 30. a4 Ke8 31. b5 Kd8 32. Ne5 cxb5 33. Nc6+ Kd7 34. Nxe7 1-0

[Event "BCF-chT1a 1213 (4NCL)"]
[Site "England"]
[Date "2013.02.24"]
[Round "6.137"]
[White "Povah, Nigel Edward"]
[Black "Spencer, Carl J"]
[Result "0-1"]
[WhiteElo "2302"]
[BlackElo "2205"]
[PlyCount "110"]
[EventDate "2012.11.03"]
[EventType "team-tourn"]
[EventRounds "7"]
[EventCountry "ENG"]
[SourceTitle "EXT 2014"]
[Source "ChessBase"]
[SourceDate "2013.11.20"]
[SourceVersion "1"]
[SourceVersionDate "2013.11.20"]
[SourceQuality "1"]
[WhiteTeam "Guildford II"]
[BlackTeam "Cambridge"]
[WhiteTeamCountry "ENG"]
[BlackTeamCountry "ENG"]

1. d4 Nf6 2. Nf3 e6 3. e3 b6 4. Bd3 Bb7 5. 0-0 c5 6. b3 Be7 7. Bb2 0-0 8. c4 d6 9. Nc3 Nbd7 10. Qe2 Re8 11. Rfd1 a6 12. Rac1 Bf8 13. Bb1 Qc7 14. e4 cxd4 15. Nxd4 Nc5 16. Re1 Ncd7 17. Kh1 g6 18. Rcd1 Rad8 19. h3 Bg7 20. Qe3 d5 21. e5 Nh5 22. g4 dxc4+ 23. Be4 Nxe5 24. gxh5 Nd3 25. Rxd3 cxd3 26. Nd1 Bxe4+ 27. Qxe4 d2 28. Rg1 Qc5 29. Nf3 Bxb2 30. Nxb2 Qxh5 31. Kh2 Qc5 32. Nd1 Qd5 33. Qe3 Qd6+ 34. Rg3 e5 35. Qh6 Qf8 36. Qe3 e4 37. Nxd2 f5 38. Qc3 Qd6 39. Qc4+ Kh8 40. Qc3+ Qd4 41. Nc4 b5 42. Na5 Qxc3 43. Nxc3 Rd2 44. Kg1 Rc8 45. Kg2 b4 46. Nxe4 fxe4 47. Re3 Rxa2 48. Nc4 Rf8 49. Rxe4 Raxf2+ 50. Kg3 R2f3+ 51. Kg4 Rxb3 52. h4 Rc3 53. Nd6 Rc6 54. Nc4 Rxc4 55. Rxc4 Rb8 0-1

[Event "BCF-chT2d 1112 (4NCL)"]
[Site "England"]
[Date "2012.05.07"]
[Round "11.83"]
[White "Spencer, Carl J"]
[Black "Headlong, Timothy"]
[Result "1-0"]
[WhiteElo "2171"]
[BlackElo "2179"]
[PlyCount "101"]
[EventDate "2011.11.12"]
[EventType "team-swiss"]
[EventRounds "11"]
[EventCountry "ENG"]
[SourceTitle "EXT 2013"]
[Source "ChessBase"]
[SourceDate "2012.11.22"]
[SourceVersion "1"]
[SourceVersionDate "2012.11.22"]
[SourceQuality "1"]
[WhiteTeam "Cambridge II"]
[BlackTeam "Brown Jack"]
[WhiteTeamCountry "ENG"]
[BlackTeamCountry "ENG"]

1. e4 c5 2. Nf3 Nc6 3. Bb5 g6 4. 0-0 Bg7 5. c3 Nf6 6. d4 cxd4 7. cxd4 Nxe4 8. d5 Nd6 9. Na3 a6 10. Bd3 Nb4 11. Nc4 Nxd3 12. Nxd6+ exd6 13. Qxd3 0-0 14. a4 a5 15. Qb3 b6 16. Bg5 Bf6 17. Bf4 Ba6 18. Rfe1 Qb8 19. Qa3 Rc8 20. Bxd6 Qb7 21. Be5 Bxe5 22. Nxe5 Bc4 23. Nxf7 Qxd5 24. Nh6+ Kg7 25. Re7+ Kxh6 26. Qe3+ Qg5 27. Rxh7+ Kxh7 28. Qxg5 Be6 29. Rc1 Rab8 30. h4 Rxc1+ 31. Qxc1 Rb7 32. Qc8 Bd5 33. Qd8 Bc6 34. b3 b5 35. Qxa5 bxa4 36. bxa4 Rb1+ 37. Kh2 Ra1 38. h5 Rxa4 39. Qg5 gxh5 40. Qxh5+ Kg7 41. f3 Ra8 42. Qe5+ Kf7 43. g4 Ra2+ 44. Kg1 Ra3 45. f4 Rg3+ 46. Kf2 Rg2+ 47. Ke3 Rg1 48. Qf5+ Kg7 49. Kf2 Rg2+ 50. Kf1 Rg3 51. g5 1-0

[Event "BCF-chT2d 1112 (4NCL)"]
[Site "England"]
[Date "2012.05.06"]
[Round "10.6"]
[White "Spencer, Carl J"]
[Black "Brown, Thomas"]
[Result "1/2-1/2"]
[WhiteElo "2171"]
[BlackElo "2094"]
[PlyCount "87"]
[EventDate "2011.11.12"]
[EventType "team-swiss"]
[EventRounds "11"]
[EventCountry "ENG"]
[SourceTitle "EXT 2013"]
[Source "ChessBase"]
[SourceDate "2012.11.22"]
[SourceVersion "1"]
[SourceVersionDate "2012.11.22"]
[SourceQuality "1"]
[WhiteTeam "Cambridge II"]
[BlackTeam "Rhyfelwyr Essyllwg"]
[WhiteTeamCountry "ENG"]
[BlackTeamCountry "ENG"]

1. e4 c6 2. d4 d5 3. Nc3 dxe4 4. Nxe4 Bf5 5. Ng3 Bg6 6. Nf3 Nd7 7. h4 h6 8. h5 Bh7 9. Bd3 Bxd3 10. Qxd3 e6 11. Bf4 Qa5+ 12. Bd2 Bb4 13. Qb3 Bxd2+ 14. Nxd2 Ngf6 15. 0-0-0 0-0 16. Nc4 Qc7 17. Kb1 b5 18. Nd2 a5 19. Nge4 Rfd8 20. Qf3 Nd5 21. g4 Qf4 22. Qg2 N7f6 23. g5 Qg4 24. Qxg4 Nxg4 25. Rhg1 f5 26. gxh6 Nxh6 27. Nc5 Nf4 28. Nf3 Ng4 29. Ng5 e5 30. dxe5 Nxe5 31. Rxd8+ Rxd8 32. Nge6 Nxe6 33. Nxe6 Rd7 34. c3 Nf3 35. Rg3 Nd2+ 36. Kc1 Ne4 37. Rg2 Kh8 38. f3 Nf6 39. Nd4 b4 40. Rg5 bxc3 41. bxc3 c5 42. Nc6 Nd5 43. Ne5 Rb7 44. Kc2 1/2-1/2